|
|
|
|
| LEADER |
01106nam a2200301 a 4500 |
| 001 |
442 |
| 003 |
BD-DhAAL |
| 005 |
20150205114226.0 |
| 008 |
150205s1997 ja a b 100 0 eng d |
| 010 |
|
|
|a 97227723
|
| 020 |
|
|
|a 9283322002
|
| 035 |
|
|
|a (OCoLC)ocm37424149
|
| 040 |
|
|
|a IL#
|c IL#
|d GZM
|d OCL
|d OCLCQ
|d DLC
|d BD-DhAAL
|
| 042 |
|
|
|a lccopycat
|
| 050 |
0 |
0 |
|a HD5811.85.A6
|b P74 1997
|
| 082 |
0 |
0 |
|a 331.1/095
|2 22
|
| 245 |
0 |
0 |
|a Preparing the workforce for 21st century :
|b a report of a study meeting /
|c Asian Productivity Organization.
|
| 260 |
|
|
|a Tokyo :
|b APO,
|c 1997.
|
| 300 |
|
|
|a iv, 353 p. :
|b ill. ;
|c 26 cm.
|
| 504 |
|
|
|a Includes bibliographical references.
|
| 541 |
|
|
|e 442
|
| 650 |
|
0 |
|a Employment forecasting
|z Asia
|v Congresses.
|9 7995
|
| 650 |
|
0 |
|a Labor supply
|z Asia
|v Congresses.
|9 7996
|
| 650 |
|
0 |
|a Work
|x Social aspects
|z Asia
|v Congresses.
|9 7997
|
| 710 |
2 |
|
|a Asian Productivity Organization.
|9 7998
|
| 942 |
|
|
|2 ddc
|c BK
|
| 999 |
|
|
|c 33593
|d 33593
|
| 952 |
|
|
|0 0
|1 0
|2 ddc
|4 0
|6 331_109500000000000_PRE
|7 0
|9 52476
|a SCL
|b SCL
|c GEN
|d 2015-02-05
|l 0
|o 331.1095 PRE
|p 3020000442
|r 2015-02-05
|t 1
|w 2015-02-05
|y BK
|